| 000 | 00787 a2200181 4500 | ||
|---|---|---|---|
| 003 | Nust | ||
| 005 | 20221229161219.0 | ||
| 040 | _cNust | ||
| 082 | _a621.3893,MAR | ||
| 100 |
_aMark David _980448 |
||
| 245 |
_aHow to Select and use your TAPE Recorder / _cMark David |
||
| 260 |
_aLondon _bJohn f Rider _c1956 |
||
| 300 | _a140p | ||
| 505 | _aIntroducing the Tape Recorder (Page-1), How a Tape Recorder Works (Page-8), How to Make a Recording on Tape (Page-28), Using a Tape Recorder in the Home (Page-52), Using a Tape Recorder in Business (Page-65), Using a Tape Recorder in the Professions (Page-74), Increase your Enjoyment of Music (Page-92), How to Select a Tape Recorder (Page-112). | ||
| 600 |
_aDavid Mark _9106425 |
||
| 650 |
_aTape Recorder _9106426 |
||
| 942 |
_2ddc _cBK |
||
| 999 |
_c183354 _d183354 |
||